| 000 | 00397 a2200133 4500 | ||
|---|---|---|---|
| 001 | 92432 | ||
| 082 | _a297.5 RAF | ||
| 090 |
_c44405 _d44406 |
||
| 100 | _aRafi Muhammad Prof | ||
| 245 | _aRight pathway; ethical and moral values for all ages in the light of quranic verses | ||
| 260 |
_aLahore _bParamount Books _c2015 |
||
| 300 | _a267 p. | ||
| 650 | _aethical and moral values - quranic verses | ||
| 942 |
_aCAE NUST _k297.5 RAF |
||
| 999 |
_c327505 _d327505 |
||